<?xml version="1.0" encoding="UTF-8"?>
<record
    xmlns:xsi="http://www.w3.org/2001/XMLSchema-instance"
    xsi:schemaLocation="http://www.loc.gov/MARC21/slim http://www.loc.gov/standards/marcxml/schema/MARC21slim.xsd"
    xmlns="http://www.loc.gov/MARC21/slim">

  <leader>00761nam a22001937a 4500</leader>
  <datafield tag="999" ind1=" " ind2=" ">
    <subfield code="c">4490</subfield>
    <subfield code="d">4490</subfield>
  </datafield>
  <controlfield tag="001">10799</controlfield>
  <controlfield tag="003">BD-DhUAP</controlfield>
  <controlfield tag="005">20201111145231.0</controlfield>
  <controlfield tag="008">201111s2007    ii ||||| |||| 00| 0 ben d</controlfield>
  <datafield tag="020" ind1=" " ind2=" ">
    <subfield code="a">818749221x</subfield>
  </datafield>
  <datafield tag="040" ind1=" " ind2=" ">
    <subfield code="a">BD-DhUAP</subfield>
    <subfield code="b">Eng</subfield>
    <subfield code="c">BD-DhUAP</subfield>
    <subfield code="d">BD-DhUAP</subfield>
  </datafield>
  <datafield tag="082" ind1=" " ind2=" ">
    <subfield code="2">23</subfield>
    <subfield code="a">954 RAY</subfield>
  </datafield>
  <datafield tag="100" ind1=" " ind2=" ">
    <subfield code="a">&#x9B0;&#x9BE;&#x9AF;&#x9BC;, &#x9B8;&#x99A;&#x9CD;&#x99A;&#x9BF;&#x9A6;&#x9BE;&#x9A8;&#x9A8;&#x9CD;&#x9A6; &#x9A6;&#x9A4;&#x9CD;&#x9A4;&#x964;</subfield>
  </datafield>
  <datafield tag="245" ind1=" " ind2=" ">
    <subfield code="a">&#x9AA;&#x9B0;&#x9BF;&#x9B8;&#x982;&#x996;&#x9CD;&#x9AF;&#x9BE;&#x9A8;&#x9C7; &#x9AA;&#x9B6;&#x9CD;&#x99A;&#x9BF;&#x9AE;&#x9AC;&#x999;&#x9CD;&#x997;&#x9C7;&#x9B0; &#x9A8;&#x997;&#x9B0;&#x99C;&#x9C0;&#x9AC;&#x9A8; /</subfield>
    <subfield code="c">&#x9B8;&#x99A;&#x9CD;&#x99A;&#x9BF;&#x9A6;&#x9BE;&#x9A8;&#x9A8;&#x9CD;&#x9A6; &#x9A6;&#x9A4;&#x9CD;&#x9A4; &#x9B0;&#x9BE;&#x9AF;&#x9BC;&#x964;</subfield>
  </datafield>
  <datafield tag="260" ind1=" " ind2=" ">
    <subfield code="a">&#x99A;&#x9AC;&#x9CD;&#x9AC;&#x9BF;&#x9B6; &#x9AA;&#x9B0;&#x997;&#x9A8;&#x9BE;, &#x9AD;&#x9BE;&#x9B0;&#x9A4; :</subfield>
    <subfield code="b">&#x9B8;&#x9C7;&#x9B0;&#x9BF;&#x9AC;&#x9BE;&#x9A8;,</subfield>
    <subfield code="c">&#x9E8;&#x9E6;&#x9E6;&#x9ED;&#x964;</subfield>
  </datafield>
  <datafield tag="300" ind1=" " ind2=" ">
    <subfield code="a">&#x9E7;&#x9ED;&#x9ED; &#x9AA;&#x9C3;&#x9B7;&#x9CD;&#x9A0;&#x9BE; ;</subfield>
    <subfield code="c">&#x9E8;&#x9E8; &#x9B8;&#x9C7;&#x9AE;&#x9BF;.&#x964;</subfield>
  </datafield>
  <datafield tag="651" ind1=" " ind2=" ">
    <subfield code="a">India.</subfield>
  </datafield>
  <datafield tag="942" ind1=" " ind2=" ">
    <subfield code="2">ddc</subfield>
    <subfield code="c">BK</subfield>
  </datafield>
  <datafield tag="952" ind1=" " ind2=" ">
    <subfield code="0">0</subfield>
    <subfield code="1">0</subfield>
    <subfield code="2">ddc</subfield>
    <subfield code="4">0</subfield>
    <subfield code="7">0</subfield>
    <subfield code="a">UAPCL</subfield>
    <subfield code="b">UAPCL</subfield>
    <subfield code="c">General Stacks</subfield>
    <subfield code="d">2020-11-11</subfield>
    <subfield code="o">954 RAY</subfield>
    <subfield code="p">3010010799</subfield>
    <subfield code="r">2020-11-11</subfield>
    <subfield code="t">1</subfield>
    <subfield code="w">2020-11-11</subfield>
    <subfield code="y">BK</subfield>
  </datafield>
</record>
